000 00555nmm a2200169Ia 4500
008 251105s9999||||xx |||||||||||||||||und||
020 _a9788498797640
041 _aspa
100 _aLosurdo, Domenico
245 0 _aEl marxismo occidental. Cómo nació, como murió y cómo puede resucitar
264 _a[Madrid, España] :
_bTrotta Editorial,
_c2019
300 _a208 páginas
490 _aEstructuras y Procesos. Ciencias Sociales
650 _aSocial Sciences (General)
856 _uhttps://public.digitaliapublishing.com/a/67372
942 _cCF
999 _c92039
_d92039